Upravlenije i naučno-techničeskij progress : Dostiženija i perspektivy. Vypusk 48, No9

Guardado en:
Detalles Bibliográficos
Formato: Libro
Publicado: Moskva : Meždunarodnyj centr naučnoj i technič.informacii, 1986
Etiquetas: Agregar Etiqueta
Sin Etiquetas, Sea el primero en etiquetar este registro!

MARC

LEADER 00000nam a22000003a 4500
001 stu18788
005 20141122080146.3
008 ------s1986----xxr---------------------d
040 |a STU  |b slo 
041 0
044 |a xxr 
080 |a 330.341.1 
245 |a Upravlenije i naučno-techničeskij progress :  |b Dostiženija i perspektivy. Vypusk 48, No9 
260 |a Moskva :  |b Meždunarodnyj centr naučnoj i technič.informacii,  |c 1986 
300 |a 153 s :  |b Tab.,grafy,lit 
996 |b C77387  |c C*77387  |l CCXVI  |s P  |a 0  |w stu18788_0001